000 00165nam a22000857a 4500
082 _a823
100 _aSTEVESON, PETER
245 _aKITTEN TALES FOR BEDTIME
942 _cBK
999 _c8247
_d8247